| 000 | 01353nam a22003617a 4500 | ||
|---|---|---|---|
| 003 | CHAP | ||
| 005 | 20220817042829.0 | ||
| 008 | 971013s1971 r 00010 d | ||
| 010 | _a57030 | ||
| 011 | _a58002 | ||
| 035 | _a62157 | ||
| 040 | _cCHAP | ||
| 082 |
_a330.109 _bS2Y 1966 |
||
| 100 | 0 | 0 |
_aSchumpeter, Joseph Alois. _9103246 |
| 245 | _aHistoria del análisis económico | ||
| 260 |
_aMéxico : _bFondo de Cultura Económica, _c1971 |
||
| 300 | _a2 v. | ||
| 490 | _aSección de obras de economía | ||
| 500 | _aTrad. de la 6 ed. en inglés. | ||
| 590 |
_aBATCH-UPD _b10 _c20130110 _lUCH01 _h1532 |
||
| 590 |
_aBATCH-UPD _b10 _c20130410 _lUCH01 _h0938 |
||
| 590 |
_aBATCH-UPD _b10 _c20130914 _lUCH01 _h1232 |
||
| 590 |
_aCONVERSION _b10 _c20130109 _lUCH01 _h1331 |
||
| 650 | 1 | 4 |
_aEconomía _xHistoria. _935238 |
| 830 | 0 | _aSección de obras de economía | |
| 901 | _aBK | ||
| 942 | _cLIBRO | ||
| 949 |
_a330.109 S2Y 1966 _bBC _cLIBRO _d33724000320578 _eLIBRO _fv.1 _h28801 _i62157 _si |
||
| 949 |
_a330.109 S2Y 1966 _bBC _cLIBRO _d33724000320586 _eLIBRO _fv.1 c.2 _h29586 _i62157 _si |
||
| 949 |
_a330.109 S2Y 1966 _bBC _cLIBRO _d33724000320594 _eLIBRO _fv.1 c.3 _h34172 _i62157 _si |
||
| 949 |
_a330.109 S2Y 1966 _bBC _cLIBRO _d33724000320602 _eLIBRO _fv.1 c.4 _h34173 _i62157 _si |
||
| 949 |
_a330.109 S2Y 1966 _bBC _cLIBRO _d33724000320610 _eLIBRO _fv.2 _h40256 _i62157 _si |
||
| 999 |
_c57030 _d57030 |
||